[Event "Oberliga Sued W 2122"]
[Site "Germany"]
[Date "2022.06.12"]
[Round "4.4"]
[White "Karst, Elmar"]
[Black "Tabatt, Hendrik"]
[Result "0-1"]
[WhiteElo "2302"]
[BlackElo "2326"]
[PlyCount "100"]
[EventDate "2021.10.24"]
[EventType "team-tourn"]
[EventRounds "9"]
[EventCountry "GER"]
[SourceTitle "EXT 2023"]
[Source "ChessBase"]
[SourceDate "2022.10.05"]
[SourceVersion "1"]
[SourceVersionDate "2022.10.05"]
[SourceQuality "1"]
[WhiteTeam "Heidesheim"]
[BlackTeam "Schwarzenbach"]
[WhiteTeamCountry "GER"]
[BlackTeamCountry "GER"]

1. d4 d6 2. e4 Nf6 3. Nc3 e5 4. Nf3 Nbd7 5. Bc4 Be7 6. 0-0 0-0 7. Re1 h6 8. a4 Re8 9. h3 Bf8 10. a5 exd4 11. Nxd4 a6 12. f3 Ne5 13. Bf1 Bd7 14. Be3 Ng6 15. Qd2 Re5 16. Qf2 d5 17. Nb3 dxe4 18. Bd4 Rf5 19. Rad1 Bc6 20. Be3 Qe8 21. Qd2 exf3 22. Nd4 Re5 23. gxf3 Bc5 24. Bf2 Rd8 25. Re2 Bxf3 26. Nxf3 Bxf2+ 27. Rxf2 Rxd2 28. Rfxd2 Kh7 29. Nxe5 Qxe5 30. Nd5 Nxd5 31. Rxd5 Qg3+ 32. Kh1 Nh4 33. R5d2 f5 34. Bg2 Nxg2 35. Rxg2 Qxh3+ 36. Kg1 f4 37. Rd3 Qe6 38. Kf1 g5 39. Re2 Qc6 40. Rc3 Qh1+ 41. Kf2 g4 42. Rxc7+ Kg6 43. Re6+ Kf5 44. Rb6 g3+ 45. Ke2 Qe4+ 46. Kf1 Qf3+ 47. Ke1 Qe3+ 48. Kd1 Qd4+ 49. Kc1 g2 50. Rf7+ Kg5 0-1

[Event "Oberliga Sued W 2122"]
[Site "Germany"]
[Date "2022.02.13"]
[Round "6.4"]
[White "Karst, Elmar"]
[Black "Bruch, Jochen"]
[Result "1/2-1/2"]
[WhiteElo "2313"]
[BlackElo "2197"]
[PlyCount "94"]
[EventDate "2021.10.24"]
[EventType "team-tourn"]
[EventRounds "9"]
[EventCountry "GER"]
[SourceTitle "EXT 2023"]
[Source "ChessBase"]
[SourceDate "2022.10.05"]
[SourceVersion "1"]
[SourceVersionDate "2022.10.05"]
[SourceQuality "1"]
[WhiteTeam "Heidesheim"]
[BlackTeam "Landau"]
[WhiteTeamCountry "GER"]
[BlackTeamCountry "GER"]

1. d4 Nf6 2. Bg5 e6 3. e4 h6 4. Bxf6 Qxf6 5. Nc3 a6 6. Qd2 d6 7. 0-0-0 g6 8. f4 Bg7 9. Nf3 Nd7 10. g3 Nb6 11. h4 h5 12. Kb1 Bd7 13. Bg2 Qe7 14. Qf2 0-0-0 15. Rd3 Kb8 16. Rhd1 Rhe8 17. Ng5 f6 18. Nf3 f5 19. Ng5 Bc6 20. Re1 Qd7 21. Bh3 d5 22. e5 Qe7 23. Ka1 Nc4 24. Nb1 Bb5 25. Bf1 Nb6 26. Rc3 Bxf1 27. Rxf1 Bh6 28. Nf3 Qd7 29. Nbd2 Bf8 30. Nb3 Na4 31. Re3 Qb5 32. Qe2 Qxe2 33. Rxe2 c5 34. dxc5 Nxc5 35. Nxc5 Bxc5 36. Rd1 Kc7 37. Red2 b5 38. Rd3 Kb6 39. Kb1 Rc8 40. R1d2 Be7 41. Nd4 Bc5 42. Nf3 Be7 43. Kc1 Rc7 44. Kd1 Rcc8 45. Rb3 Rc4 46. a3 Kc6 47. Rbd3 Kb6 1/2-1/2

[Event "Oberliga Sued W 2122"]
[Site "Germany"]
[Date "2021.10.24"]
[Round "1.4"]
[White "Karst, Elmar"]
[Black "Schmidt, Reiner"]
[Result "1-0"]
[WhiteElo "2307"]
[BlackElo "2148"]
[PlyCount "147"]
[EventDate "2021.10.24"]
[EventType "team-tourn"]
[EventRounds "9"]
[EventCountry "GER"]
[SourceTitle "EXT 2023"]
[Source "ChessBase"]
[SourceDate "2022.10.05"]
[SourceVersion "1"]
[SourceVersionDate "2022.10.05"]
[SourceQuality "1"]
[WhiteTeam "Heidesheim"]
[BlackTeam "Altenkirchen"]
[WhiteTeamCountry "GER"]
[BlackTeamCountry "GER"]

1. d4 Nf6 2. Bg5 Ne4 3. Bf4 c5 4. f3 Nf6 5. dxc5 Na6 6. e4 Nxc5 7. Nc3 d6 8. Qd2 Bd7 9. 0-0-0 Qa5 10. Kb1 e5 11. Bg5 a6 12. Nge2 Be6 13. Ng3 Rc8 14. Bxf6 gxf6 15. Nd5 Qxd2 16. Rxd2 Bxd5 17. Rxd5 Ne6 18. Nf5 Kd7 19. g3 Rc6 20. Bh3 Kc7 21. Rhd1 h5 22. Bg2 Rg8 23. R5d2 Rg6 24. c3 Kd7 25. Bf1 Ng5 26. Rd3 Ne6 27. b4 b5 28. Kb2 Rg8 29. Kb3 Be7 30. Bh3 Re8 31. a3 Rh8 32. Bf1 Rhc8 33. h4 Rd8 34. Bh3 Bf8 35. Ra1 Rb8 36. Kb2 Ke8 37. Bf1 Kd7 38. Rad1 Be7 39. Bh3 Rg8 40. Ra1 Rb6 41. Rd5 Bd8 42. a4 bxa4 43. Rxa4 Bc7 44. Rda5 Ra8 45. Bf1 Nc5 46. Ra1 Rbb8 47. R5a2 a5 48. Kc2 Ne6 49. bxa5 Rc8 50. Bb5+ Kd8 51. a6 Ra7 52. Rd1 Bb8 53. c4 Rc5 54. Kb1 Nd4 55. Nxd4 exd4 56. Rxd4 f5 57. f4 fxe4 58. Rxe4 d5 59. Rd2 Kc7 60. Re5 Kb6 61. Rexd5 Re7 62. Rxc5 Kxc5 63. Kc2 Kb4 64. Kd3 f6 65. Rb2+ Kc5 66. Re2 Rg7 67. Re3 Ba7 68. Ke2 Kd4 69. Rd3+ Ke4 70. Bc6+ Kf5 71. Kf3 Rc7 72. Bb5 Bc5 73. Rd5+ Kg6 74. Rxc5 1-0

[Event "Oberliga Sued W 1516"]
[Site "Germany"]
[Date "2016.01.31"]
[Round "6.2"]
[White "Philippe, Christophe"]
[Black "Karst, Elmar"]
[Result "1-0"]
[WhiteElo "2389"]
[BlackElo "2294"]
[PlyCount "93"]
[EventDate "2015.09.20"]
[EventType "team-tourn"]
[EventRounds "9"]
[EventCountry "GER"]
[SourceTitle "EXT 2017"]
[Source "ChessBase"]
[SourceDate "2016.10.25"]
[SourceVersion "1"]
[SourceVersionDate "2016.10.25"]
[SourceQuality "1"]
[WhiteTeam "Saarbruecken SVG"]
[BlackTeam "Heidesheim"]
[WhiteTeamCountry "GER"]
[BlackTeamCountry "GER"]

1. e4 d6 2. d4 Nf6 3. Nc3 e5 4. Nf3 Nbd7 5. Bc4 Be7 6. 0-0 0-0 7. Re1 a6 8. a4 b6 9. b3 Bb7 10. Bb2 c6 11. Bd3 Qc7 12. Ne2 Rfe8 13. Ng3 Bf8 14. c4 Rad8 15. Qc2 Qb8 16. h3 Rc8 17. a5 b5 18. Rad1 Ba8 19. Bf1 Qc7 20. Qd2 Rb8 21. Nf5 exd4 22. cxb5 c5 23. b6 Qb7 24. Qg5 Kh8 25. Bd3 Nxe4 26. Qh4 Ndf6 27. b4 Re6 28. bxc5 dxc5 29. Bc4 Ree8 30. Qf4 Nd5 31. Qh4 Ndc3 32. Bxc3 Nxc3 33. Ra1 Qd7 34. Ng5 h6 35. Nxf7+ Kh7 36. Bd3 Kg8 37. Ne5 Qe6 38. Qg4 Bb7 39. Ng6 Qf6 40. Nxh6+ Kh7 41. Nxf8+ Kxh6 42. Nd7 Qg5 43. Rxe8 Rxe8 44. Qxg5+ Kxg5 45. Nxc5 Bc6 46. Nxa6 Na4 47. b7 1-0

[Event "Vienna op"]
[Site "Vienna"]
[Date "2015.08.21"]
[Round "7"]
[White "Rombaldoni, Denis"]
[Black "Karst, Elmar"]
[Result "1-0"]
[WhiteElo "2467"]
[BlackElo "2294"]
[PlyCount "105"]
[EventDate "2015.08.15"]
[EventType "swiss"]
[EventRounds "9"]
[EventCountry "AUT"]
[SourceTitle "EXT 2016"]
[Source "ChessBase"]
[SourceDate "2015.10.08"]
[SourceVersion "1"]
[SourceVersionDate "2015.10.08"]
[SourceQuality "1"]

1. Nf3 d5 2. g3 Bg4 3. Bg2 c6 4. 0-0 Nf6 5. d3 Nbd7 6. h3 Bxf3 7. Bxf3 e6 8. Bg2 Bd6 9. e4 0-0 10. f4 dxe4 11. dxe4 Bc5+ 12. Kh2 e5 13. f5 h6 14. g4 Nh7 15. Qe2 b5 16. Nd2 Be7 17. Nf3 Ng5 18. Ng1 Nh7 19. Bd2 Qc7 20. Kg3 Rfd8 21. h4 Nc5 22. Rad1 Rd7 23. Be3 Rad8 24. Rxd7 Rxd7 25. Nh3 Na4 26. g5 hxg5 27. hxg5 g6 28. f6 Bc5 29. Bc1 Qd8 30. Rh1 Bb6 31. Qg4 Kh8 32. Bf3 Nc5 33. Nf2 Ne6 34. Qh4 Bxf2+ 35. Kxf2 Qg8 36. Bg4 Rd6 37. Bxe6 Rxe6 38. Be3 Rd6 39. Bc5 Rd8 40. Be7 Rc8 41. b4 Ra8 42. Rh3 Rc8 43. Qg3 Ra8 44. Ke2 a6 45. Qh2 Rc8 46. Qxe5 Ra8 47. Qh2 Rc8 48. Kd1 Ra8 49. Kc1 Rc8 50. Kb1 Ra8 51. e5 Rc8 52. Qh1 Ra8 53. Qxc6 1-0

[Event "Oberliga Sued W 1415"]
[Site "Germany"]
[Date "2015.01.18"]
[Round "5.4"]
[White "Haag, Guenter"]
[Black "Karst, Elmar"]
[Result "0-1"]
[WhiteElo "2035"]
[BlackElo "2283"]
[PlyCount "146"]
[EventDate "2014.09.21"]
[EventType "team-tourn"]
[EventRounds "9"]
[EventCountry "GER"]
[SourceTitle "EXT 2019"]
[Source "ChessBase"]
[SourceDate "2018.10.10"]
[SourceVersion "1"]
[SourceVersionDate "2018.10.10"]
[SourceQuality "1"]
[WhiteTeam "Mutterstadt"]
[BlackTeam "Heidesheim"]
[WhiteTeamCountry "GER"]
[BlackTeamCountry "GER"]

1. e4 c5 2. g3 d5 3. exd5 Qxd5 4. Qf3 Nf6 5. Nc3 Qe6+ 6. Qe3 Nc6 7. Bb5 Qd6 8. Ne4 Nxe4 9. Qxe4 Bd7 10. Nf3 a6 11. Bc4 b5 12. Bf1 Rc8 13. d3 e5 14. Bg2 Be7 15. 0-0 0-0 16. Ng5 Qg6 17. Qxg6 hxg6 18. Re1 Nb4 19. Re2 Bg4 20. f3 Bd7 21. a3 Nc6 22. f4 Nd4 23. Rf2 c4 24. Be3 Nf5 25. Bb6 exf4 26. gxf4 cxd3 27. cxd3 Bc6 28. Ne4 Ba8 29. Re2 Rc6 30. Bf2 Bh4 31. Ng3 Rc7 32. Rae1 Bxg2 33. Kxg2 Bf6 34. Ne4 Bd4 35. Ng5 Rd7 36. Re8 Bxf2 37. Kxf2 Rxd3 38. Rxf8+ Kxf8 39. Nh7+ Kg8 40. Ng5 Rd8 41. Rc1 f6 42. Ne4 Rd4 43. Kf3 Rd3+ 44. Kf2 Nh4 45. Rc8+ Kh7 46. Rc7 Rf3+ 47. Ke2 Rxf4 48. Nc5 Rg4 49. Nxa6 Rg2+ 50. Kd3 Rxb2 51. Kc3 Rxh2 52. Rb7 Rh3+ 53. Kb4 f5 54. Nc7 Re3 55. Nd5 Re1 56. Kxb5 g5 57. a4 g4 58. a5 g3 59. Nf4 g2 60. Nxg2 Nxg2 61. a6 f4 62. a7 Ra1 63. Rf7 Kg6 64. Rc7 f3 65. Rc6+ Kh7 66. Ra6 Rxa6 67. Kxa6 f2 68. a8Q f1Q+ 69. Kb6 Qf2+ 70. Kb5 Nh4 71. Qh1 Qf4 72. Ka6 Kh6 73. Ka7 Qf6 0-1

[Event "Oberliga Sued W 1415"]
[Site "Germany"]
[Date "2014.09.21"]
[Round "1.3"]
[White "Karst, Elmar"]
[Black "Seidler, Lukas"]
[Result "1-0"]
[WhiteElo "2283"]
[BlackElo "2186"]
[PlyCount "73"]
[EventDate "2014.09.21"]
[EventType "team-tourn"]
[EventRounds "9"]
[EventCountry "GER"]
[SourceTitle "EXT 2019"]
[Source "ChessBase"]
[SourceDate "2018.10.10"]
[SourceVersion "1"]
[SourceVersionDate "2018.10.10"]
[SourceQuality "1"]
[WhiteTeam "Heidesheim"]
[BlackTeam "Schott Mainz II"]
[WhiteTeamCountry "GER"]
[BlackTeamCountry "GER"]

1. d4 Nf6 2. Bg5 Ne4 3. Bf4 e6 4. Nd2 Bd6 5. Nh3 Bxf4 6. Nxf4 Nxd2 7. Qxd2 b6 8. h4 Bb7 9. 0-0-0 Nc6 10. e4 Ne7 11. Bd3 0-0 12. Rh3 f5 13. f3 Qe8 14. c3 Qf7 15. e5 Nd5 16. Kb1 c5 17. Nxd5 Bxd5 18. c4 Bc6 19. dxc5 bxc5 20. Qe3 Rfc8 21. Bc2 a5 22. g4 a4 23. Rg1 f4 24. Qd3 g6 25. Qc3 a3 26. b3 Qg7 27. g5 d6 28. h5 dxe5 29. hxg6 hxg6 30. Rgh1 Rd8 31. Rh8+ Qxh8 32. Rxh8+ Kxh8 33. Qxe5+ Kh7 34. Bxg6+ Kxg6 35. Qxe6+ Kh7 36. Qf7+ Kh8 37. g6 1-0

[Event "Oberliga Sued W 1314"]
[Site "Germany"]
[Date "2014.02.23"]
[Round "7.4"]
[White "Karst, Elmar"]
[Black "Dauenheimer, Torsten"]
[Result "0-1"]
[WhiteElo "2287"]
[BlackElo "2227"]
[PlyCount "60"]
[EventDate "2013.10.13"]
[EventType "team-tourn"]
[EventRounds "9"]
[EventCountry "GER"]
[SourceTitle "EXT 2015"]
[Source "ChessBase"]
[SourceDate "2014.11.20"]
[SourceVersion "1"]
[SourceVersionDate "2014.11.20"]
[SourceQuality "1"]
[WhiteTeam "Heidesheim"]
[BlackTeam "Worms"]
[WhiteTeamCountry "GER"]
[BlackTeamCountry "GER"]

1. e4 e6 2. d4 d5 3. Nc3 Bb4 4. e5 c5 5. a3 Bxc3+ 6. bxc3 Ne7 7. Qg4 Qc7 8. Qxg7 Rg8 9. Qxh7 cxd4 10. Ne2 dxc3 11. f4 Bd7 12. Qd3 Nbc6 13. Rb1 0-0-0 14. Nxc3 Nf5 15. Bd2 Na5 16. g4 Nh4 17. Be2 Nc4 18. Qd4 Kb8 19. Rb3 Rc8 20. Rg1 Ng6 21. Rf1 Rh8 22. Rf2 Ne7 23. Kd1 Nc6 24. Qc5 Nxd2 25. Kxd2 Ka8 26. Nb5 Qa5+ 27. Qc3 Qb6 28. Rg2 Na5 29. Qe3 Nxb3+ 30. cxb3 Rc2+ 0-1

[Event "Oberliga Sued W 1314"]
[Site "Germany"]
[Date "2014.01.19"]
[Round "5.3"]
[White "Commercon, Simon"]
[Black "Karst, Elmar"]
[Result "0-1"]
[WhiteElo "2183"]
[BlackElo "2287"]
[PlyCount "76"]
[EventDate "2013.10.13"]
[EventType "team-tourn"]
[EventRounds "9"]
[EventCountry "GER"]
[SourceTitle "EXT 2015"]
[Source "ChessBase"]
[SourceDate "2014.11.20"]
[SourceVersion "1"]
[SourceVersionDate "2014.11.20"]
[SourceQuality "1"]
[WhiteTeam "Mutterstadt"]
[BlackTeam "Heidesheim"]
[WhiteTeamCountry "GER"]
[BlackTeamCountry "GER"]

1. d4 Nf6 2. Bg5 e6 3. e4 h6 4. Bxf6 Qxf6 5. c3 d6 6. Bd3 Qg5 7. g3 e5 8. Qd2 Be7 9. Na3 Nd7 10. 0-0-0 Qf6 11. f4 exd4 12. cxd4 Qxd4 13. Ne2 Qc5+ 14. Kb1 c6 15. Rc1 Qb6 16. Nc4 Qc7 17. Nd4 Nc5 18. e5 dxe5 19. Nxe5 Nxd3 20. Qxd3 0-0 21. Rhe1 a6 22. Qe4 Bf6 23. g4 Re8 24. Ndf3 Bxg4 25. Nd4 Rad8 26. Rg1 Bc8 27. Ndf3 Qd6 28. Ka1 Be6 29. Qa4 Qd5 30. Rg3 Bf5 31. Qb4 Qb5 32. Qc3 Rd3 33. Qe1 Rd5 34. Qg1 Qa4 35. Nh4 Bh7 36. Ng4 Bxb2+ 37. Kxb2 Re2+ 38. Kc3 Qa3+ 0-1

[Event "Oberliga Sued W 1314"]
[Site "Germany"]
[Date "2013.11.10"]
[Round "2.3"]
[White "Karst, Elmar"]
[Black "Van Dijk, Harold"]
[Result "1-0"]
[WhiteElo "2287"]
[BlackElo "2305"]
[PlyCount "85"]
[EventDate "2013.10.13"]
[EventType "team-tourn"]
[EventRounds "9"]
[EventCountry "GER"]
[SourceTitle "EXT 2015"]
[Source "ChessBase"]
[SourceDate "2014.11.20"]
[SourceVersion "1"]
[SourceVersionDate "2014.11.20"]
[SourceQuality "1"]
[WhiteTeam "Heidesheim"]
[BlackTeam "Remagen"]
[WhiteTeamCountry "GER"]
[BlackTeamCountry "GER"]

1. d4 Nf6 2. c4 g6 3. Nc3 Bg7 4. e4 d6 5. Nf3 0-0 6. Be2 e5 7. 0-0 Nc6 8. d5 Ne7 9. b4 a5 10. bxa5 Rxa5 11. a4 Re8 12. Qc2 c5 13. dxc6 bxc6 14. Ba3 c5 15. Nb5 Nc6 16. Bc1 Nd4 17. Nfxd4 exd4 18. Bd2 Ra6 19. f3 Bb7 20. Bd3 Qd7 21. Rfe1 h5 22. Bf4 h4 23. Qf2 Nh5 24. Bd2 Qe7 25. g4 hxg3 26. hxg3 Bf6 27. f4 Kg7 28. Qf3 Rh8 29. Re2 g5 30. Rh2 Nxg3 31. Qxg3 Rxh2 32. Kxh2 Ra8 33. Kg1 Rh8 34. fxg5 Be5 35. Bf4 Qe6 36. Nxd6 Bxd6 37. Bxd6 Kg8 38. Qe5 Qg4+ 39. Kf2 Rh3 40. Qe8+ Kg7 41. Qf8+ Kg6 42. Qg8+ Kh5 43. Be2 1-0

[Event "Oberliga Sued W 1011"]
[Site "Germany"]
[Date "2010.10.10"]
[Round "1.1"]
[White "Muranyi, Karl Jasmin"]
[Black "Karst, Elmar"]
[Result "1-0"]
[WhiteElo "2378"]
[BlackElo "2304"]
[PlyCount "115"]
[EventDate "2010.10.10"]
[EventType "team-tourn"]
[EventRounds "9"]
[EventCountry "GER"]
[SourceTitle "EXT 2012"]
[Source "ChessBase"]
[SourceDate "2011.11.24"]
[SourceVersion "1"]
[SourceVersionDate "2011.11.24"]
[SourceQuality "1"]
[WhiteTeam "Worms"]
[BlackTeam "Heidesheim"]
[WhiteTeamCountry "GER"]
[BlackTeamCountry "GER"]

1. c4 c6 2. Nf3 d5 3. b3 Bg4 4. e3 e6 5. Bb2 Nd7 6. Be2 Ngf6 7. d3 Bd6 8. Nbd2 Qe7 9. h3 Bxf3 10. Nxf3 Bb4+ 11. Nd2 a5 12. 0-0 0-0 13. Qc2 Rfe8 14. Rfd1 e5 15. Nf1 Ba3 16. Ng3 g6 17. d4 Bd6 18. dxe5 Bxe5 19. Bxe5 Qxe5 20. Rac1 Re7 21. Bf3 Nb6 22. cxd5 Nbxd5 23. Qc5 Qe6 24. e4 Nb4 25. Rd6 Qe5 26. a3 Qxc5 27. Rxc5 Na6 28. Rxa5 Kg7 29. Be2 Ne8 30. Rd4 Nec7 31. Bxa6 Nxa6 32. f4 Rc8 33. f5 Nc7 34. a4 Na6 35. Rd6 Kf8 36. e5 Rce8 37. e6 fxe6 38. f6 Rc7 39. Ne4 h6 40. g4 Kf7 41. h4 Nb8 42. g5 hxg5 43. hxg5 e5 44. Ra8 b6 45. Kf2 Rh8 46. Kg3 Rf8 47. Kg4 Re8 48. b4 Rf8 49. Rd2 Nd7 50. Nd6+ Ke6 51. Ne8 Rb7 52. Rd8 Nb8 53. Ng7+ Kf7 54. Rxf8+ Kxf8 55. Ne6+ Ke8 56. Rh2 Ra7 57. Rh8+ Kd7 58. Rh7+ 1-0

[Event "Oberliga Sued W 0809"]
[Site "Germany"]
[Date "2009.01.18"]
[Round "5.3"]
[White "Karst, Elmar"]
[Black "Forthoffer, Patrick"]
[Result "1-0"]
[WhiteElo "2285"]
[BlackElo "2201"]
[PlyCount "65"]
[EventDate "2008.10.05"]
[EventType "team-tourn"]
[EventRounds "11"]
[EventCountry "GER"]
[SourceTitle "EXT 2012"]
[Source "ChessBase"]
[SourceDate "2011.11.24"]
[SourceVersion "1"]
[SourceVersionDate "2011.11.24"]
[SourceQuality "1"]
[WhiteTeam "Heidesheim"]
[BlackTeam "Saarbruecken Gambit"]
[WhiteTeamCountry "GER"]
[BlackTeamCountry "GER"]

1. d4 Nf6 2. Nf3 g6 3. c4 Bg7 4. Nc3 d6 5. e4 0-0 6. Be2 e5 7. 0-0 Nbd7 8. Re1 exd4 9. Nxd4 Re8 10. f3 c6 11. Nc2 Qb6+ 12. Be3 Qxb2 13. Bd4 Nh5 14. Rb1 Bxd4+ 15. Qxd4 Qxc2 16. Rec1 Qxc1+ 17. Rxc1 Re6 18. Rc2 b6 19. g3 Bb7 20. Qd1 Ndf6 21. Rd2 Ne8 22. Bf1 Nhf6 23. Bh3 Re7 24. Rxd6 Kf8 25. Rd2 a6 26. a4 Rb8 27. Rb2 Ba8 28. Qd4 c5 29. Qd1 Bc6 30. Nd5 Bxd5 31. cxd5 Nd6 32. Qd3 b5 33. Qc3 1-0

[Event "Oberliga Sued W 0809"]
[Site "Germany"]
[Date "2008.12.14"]
[Round "4.3"]
[White "Mueller, Markus"]
[Black "Karst, Elmar"]
[Result "1/2-1/2"]
[WhiteElo "2129"]
[BlackElo "2285"]
[PlyCount "43"]
[EventDate "2008.10.05"]
[EventType "team-tourn"]
[EventRounds "11"]
[EventCountry "GER"]
[SourceTitle "EXT 2012"]
[Source "ChessBase"]
[SourceDate "2011.11.24"]
[SourceVersion "1"]
[SourceVersionDate "2011.11.24"]
[SourceQuality "1"]
[WhiteTeam "Kaiserslautern"]
[BlackTeam "Heidesheim"]
[WhiteTeamCountry "GER"]
[BlackTeamCountry "GER"]

1. e4 d6 2. d4 Nf6 3. Nc3 e5 4. Nf3 Nbd7 5. Bc4 Be7 6. 0-0 0-0 7. a4 c6 8. Re1 b6 9. d5 cxd5 10. Nxd5 Bb7 11. b3 Rc8 12. Re2 Nxd5 13. Bxd5 Bxd5 14. Qxd5 Nf6 15. Qd3 d5 16. Nxe5 Nxe4 17. Bb2 Bb4 18. Nd7 Bc3 19. Bxc3 Nxc3 20. Nxf8 Nxe2+ 21. Qxe2 Qxf8 22. Rd1 1/2-1/2

[Event "BL2-Sued 0607"]
[Site "Germany"]
[Date "2007.03.18"]
[Round "7.5"]
[White "Lorscheid, Gerhard"]
[Black "Karst, Elmar"]
[Result "1/2-1/2"]
[WhiteElo "2270"]
[BlackElo "2315"]
[PlyCount "177"]
[EventDate "2006.10.15"]
[EventType "team-tourn"]
[EventRounds "9"]
[EventCountry "GER"]
[SourceTitle "EXT 2008"]
[Source "ChessBase"]
[SourceDate "2007.11.25"]
[SourceVersion "1"]
[SourceVersionDate "2007.11.25"]
[SourceQuality "1"]
[WhiteTeam "Stuttgart"]
[BlackTeam "Karlsruhe"]
[WhiteTeamCountry "GER"]
[BlackTeamCountry "GER"]

1. d4 d5 2. c4 e6 3. Nc3 Nf6 4. Bg5 Be7 5. cxd5 exd5 6. e3 0-0 7. Bd3 b6 8. Bxf6 Bxf6 9. Qh5 g6 10. Qxd5 c6 11. Qxd8 Rxd8 12. Nf3 Bb7 13. Be4 Bg7 14. 0-0 Nd7 15. Rfd1 Rac8 16. h3 h6 17. Ne1 Ba6 18. Bf3 c5 19. Nd5 Kf8 20. Rac1 cxd4 21. Nb4 Rxc1 22. Rxc1 Bb5 23. Rc7 Nc5 24. exd4 Bxd4 25. Rxa7 Bxb2 26. Bd5 Rd7 27. Ra8+ Kg7 28. Nec2 Nd3 29. Nxd3 Bxd3 30. Nb4 Bb1 31. Bb3 Bd4 32. Nd5 Be4 33. Ra4 Bxf2+ 34. Kxf2 Bxd5 35. Bxd5 Rxd5 36. Rb4 Rd2+ 37. Kf3 Rxa2 38. Rxb6 Ra3+ 39. Kf2 Ra2+ 40. Kf3 Rc2 41. h4 Rc7 42. g3 Re7 43. Ra6 Re6 44. Ra7 Rb6 45. Rc7 Rf6+ 46. Kg2 Rf5 47. Rc6 g5 48. hxg5 hxg5 49. Ra6 Rf6 50. Ra5 Kg6 51. Rb5 Ra6 52. Rb2 f5 53. Rb5 Ra2+ 54. Kf1 Ra3 55. Kg2 Ra2+ 56. Kg1 Kf6 57. Kf1 Rd2 58. Ra5 g4 59. Rb5 Ke6 60. Ra5 Rd5 61. Ra2 Rd3 62. Kf2 Rf3+ 63. Kg2 Rc3 64. Kf2 Ke5 65. Ra5+ Ke4 66. Ra4+ Kd5 67. Ra5+ Rc5 68. Ra2 Rc4 69. Rd2+ Rd4 70. Ra2 Rd3 71. Ra5+ Ke4 72. Ra4+ Rd4 73. Ra2 Rb4 74. Re2+ Kd5 75. Rd2+ Rd4 76. Ra2 Rc4 77. Rd2+ Kc6 78. Rd8 Re4 79. Rf8 Re5 80. Rd8 Rd5 81. Rc8+ Kd6 82. Rc2 Rd3 83. Ra2 Rf3+ 84. Kg2 Kc5 85. Ra5+ Kc4 86. Re5 Kd3 87. Ra5 Kc2 88. Rd5 Kc3 89. Ra5 1/2-1/2

[Event "BL2-Sued 0607"]
[Site "Germany"]
[Date "2007.02.04"]
[Round "5.6"]
[White "Karst, Elmar"]
[Black "Zuse, Peter"]
[Result "1/2-1/2"]
[WhiteElo "2315"]
[BlackElo "2310"]
[PlyCount "84"]
[EventDate "2006.10.15"]
[EventType "team-tourn"]
[EventRounds "9"]
[EventCountry "GER"]
[SourceTitle "EXT 2008"]
[Source "ChessBase"]
[SourceDate "2007.11.25"]
[SourceVersion "1"]
[SourceVersionDate "2007.11.25"]
[SourceQuality "1"]
[WhiteTeam "Karlsruhe"]
[BlackTeam "Kirchheim"]
[WhiteTeamCountry "GER"]
[BlackTeamCountry "GER"]

1. d4 Nf6 2. Bg5 c5 3. Bxf6 gxf6 4. d5 e5 5. dxe6 dxe6 6. Qxd8+ Kxd8 7. Nc3 Nc6 8. 0-0-0+ Ke7 9. Ne4 b6 10. e3 Bh6 11. Nd6 Rd8 12. Nxc8+ Raxc8 13. Rxd8 Rxd8 14. Nf3 Nd4 15. Bd3 Nxf3 16. gxf3 Rg8 17. Kd2 f5 18. f4 Bg7 19. b3 Bf6 20. Ke2 Bc3 21. a4 h6 22. Kf3 Kf6 23. Rd1 Rd8 24. Rg1 Bb2 25. Rg3 Ke7 26. Rh3 Bg7 27. Ke2 Rd6 28. Rg3 Bf6 29. Rg2 Rd8 30. f3 Bb2 31. Rg3 Kf8 32. Rg1 Bc3 33. h3 Rd5 34. e4 Rd4 35. exf5 exf5 36. Bxf5 Rd2+ 37. Kf1 Rd1+ 38. Kg2 Rxg1+ 39. Kxg1 Bd2 40. Kf2 Bxf4 41. Ke2 Ke7 42. Kd3 Kd6 1/2-1/2

[Event "BL2-Sued 0607"]
[Site "Germany"]
[Date "2006.11.19"]
[Round "3.4"]
[White "Karst, Elmar"]
[Black "Schaefer, Michael"]
[Result "0-1"]
[WhiteElo "2315"]
[BlackElo "2195"]
[PlyCount "74"]
[EventDate "2006.10.15"]
[EventType "team-tourn"]
[EventRounds "9"]
[EventCountry "GER"]
[SourceTitle "EXT 2008"]
[Source "ChessBase"]
[SourceDate "2007.11.25"]
[SourceVersion "1"]
[SourceVersionDate "2007.11.25"]
[SourceQuality "1"]
[WhiteTeam "Karlsruhe"]
[BlackTeam "Moerlenbach"]
[WhiteTeamCountry "GER"]
[BlackTeamCountry "GER"]

1. d4 f5 2. g3 Nf6 3. Bg2 g6 4. c4 Bg7 5. Nc3 d6 6. Nf3 0-0 7. d5 c5 8. 0-0 Na6 9. Re1 Nc7 10. Rb1 Rb8 11. a4 Bd7 12. b3 a6 13. b4 cxb4 14. Rxb4 a5 15. Rb1 Na6 16. Nd4 Nc5 17. f3 h6 18. Be3 Qe8 19. Ncb5 g5 20. Qc2 Nh5 21. Bf2 Rc8 22. Bf1 Qf7 23. Rbc1 Be5 24. Bg2 Qh7 25. Qa2 f4 26. g4 Nf6 27. Nb3 b6 28. Nxc5 bxc5 29. Qd2 h5 30. h3 hxg4 31. hxg4 Bxg4 32. Rc3 Bf5 33. e3 fxe3 34. Bxe3 Qh2+ 35. Kf1 Bh3 36. Rb3 Ne4 37. Qc2 Ng3+ 0-1

[Event "BL2-Sued 0607"]
[Site "Germany"]
[Date "2006.10.15"]
[Round "1.5"]
[White "Belezky, Alexander"]
[Black "Karst, Elmar"]
[Result "1-0"]
[WhiteElo "2395"]
[BlackElo "2315"]
[PlyCount "142"]
[EventDate "2006.10.15"]
[EventType "team-tourn"]
[EventRounds "9"]
[EventCountry "GER"]
[SourceTitle "EXT 2008"]
[Source "ChessBase"]
[SourceDate "2007.11.25"]
[SourceVersion "1"]
[SourceVersionDate "2007.11.25"]
[SourceQuality "1"]
[WhiteTeam "Bayern Muenchen"]
[BlackTeam "Karlsruhe"]
[WhiteTeamCountry "GER"]
[BlackTeamCountry "GER"]

1. Nf3 Nf6 2. g3 d5 3. Bg2 e6 4. d3 Be7 5. 0-0 0-0 6. Nbd2 b6 7. e4 dxe4 8. dxe4 Bb7 9. e5 Nfd7 10. Re1 Na6 11. a3 Qc8 12. b3 Rd8 13. Bb2 Nf8 14. Qe2 Nc5 15. h4 Rd7 16. Qe3 a5 17. h5 h6 18. Rad1 Nh7 19. Bf1 Qf8 20. Bb5 Rd5 21. Nd4 Nd7 22. N2f3 Bg5 23. Qe2 Nc5 24. Nc6 Rxd1 25. Rxd1 Be7 26. Bc1 Ba6 27. Bxa6 Nxa6 28. Rd7 Bxa3 29. Bxa3 Qxa3 30. Ne7+ Kh8 31. Qd3 Re8 32. Qxa6 Nf8 33. Rxc7 Rxe7 34. Rc8 Rd7 35. Qxb6 Kg8 36. Qc5 Qxc5 37. Rxc5 Ra7 38. Nd4 Nd7 39. Rc8+ Kh7 40. Nc6 Ra6 41. Rc7 Nb6 42. Ra7 Rxa7 43. Nxa7 a4 44. bxa4 Nxa4 45. Nb5 Nb6 46. Nd6 Kg8 47. Kg2 Nd7 48. f4 f6 49. Nc4 Nb8 50. Kf3 Nc6 51. Ke4 Kf7 52. c3 Ke7 53. Ne3 fxe5 54. fxe5 Kd7 55. Nc2 Na5 56. Nb4 Nb3 57. Nd3 Nd2+ 58. Ke3 Nf1+ 59. Kf2 Nd2 60. Ke3 Nf1+ 61. Kf2 Nd2 62. Nc5+ Ke7 63. Ke3 Nf1+ 64. Kf4 Nd2 65. Ne4 Nc4 66. Nd6 Nb6 67. Ke4 Kd7 68. Kd4 Nd5 69. Ne4 Kc6 70. Nf2 Nc7 71. Nd3 Na6 1-0